00301nam a2200121Ia 4500008004100000041000800041082001200049100001900061245002700080260003700107300002400144365001100168240624s9999 xx 000 0 und d aeng a823 PAR aPARK LINDA SUE a39 CLUES STORM WARNING c2010aNew DelhibScholastic Inc. a190 : p. : cm. ; 19 cRSb25